Statistics for Empty Pixelated Africa Map

Click here to take the quiz!

General Stats

  • This quiz has been taken 1,015 times
  • The average score is 229 of 246

Answer Stats

Country % Correct
Algeria
97%
D. R. Congo
97%
Egypt
97%
Niger
96%
Sudan
96%
R. Congo
96%
South Africa
96%
Libya
96%
Chad
95%
Nigeria
95%
Mali
94%
Ethiopia
94%
South Sudan
93%
Somalia
93%
Morocco
93%
Kenya
93%
Tanzania
92%
Namibia
92%
Tunisia
91%
Angola
91%
Uganda
90%
Zambia
90%
Zimbabwe
90%
Ghana
90%
Central African Rep.
90%
Botswana
89%
Mauritania
89%
Mozambique
88%
Ivory Coast
87%
Senegal
85%
Guinea
85%
Cameroon
85%
Benin
84%
Eritrea
84%
Madagascar
83%
Burkina Faso
82%
Gabon
81%
Malawi
79%
Liberia
77%

Score Distribution

Percentile by Number Answered

Percent of People with Each Score

Your Score History

You have not taken this quiz